[Event "Wch Seniors 21st"]
[Site "Rijeka"]
[Date "2011.11.15"]
[Round "1"]
[White "Sattler, Franz"]
[Black "Sloth, Jorn"]
[Result "0-1"]
[WhiteElo "2028"]
[BlackElo "2349"]
[PlyCount "96"]
[EventDate "2011.11.15"]
[EventType "swiss"]
[EventRounds "11"]
[EventCountry "CRO"]
[SourceTitle "CBM 145 Extra"]
[Source "ChessBase"]
[SourceDate "2012.01.03"]
[SourceVersion "1"]
[SourceVersionDate "2012.01.03"]
[SourceQuality "1"]

1. d4 Nf6 2. c4 e6 3. Nf3 Bb4+ 4. Bd2 Qe7 5. a3 Bxd2+ 6. Nbxd2 d6 7. e4 e5 8. dxe5 dxe5 9. Qc2 c5 10. Bd3 Nc6 11. 0-0 Bg4 12. Rfe1 0-0 13. h3 Bxf3 14. Nxf3 Rfd8 15. Rad1 Nd4 16. Nxd4 Rxd4 17. f3 Rad8 18. Bf1 Nh5 19. Rxd4 Rxd4 20. Rd1 Qg5 21. Rxd4 exd4 22. Qf2 Qf4 23. g4 Nf6 24. Qh2 g5 25. Qxf4 gxf4 26. Kf2 Nd7 27. b3 Ne5 28. Be2 f6 29. h4 Ng6 30. h5 Ne5 31. Bd1 Kg7 32. Bc2 Kh6 33. Ke2 Kg5 34. Bd1 Kh4 35. Kf2 Kh3 36. Be2 h6 37. Bf1+ Kh2 38. Be2 Kh1 39. Kf1 Kh2 40. Kf2 d3 41. Bd1 a5 42. Ke1 Kg2 43. Kd2 Kf2 44. b4 b6 45. bxc5 bxc5 46. a4 Kg2 47. Kc3 Kf1 48. Kd2 Kf2 0-1

[Event "EU-chT Seniors 08th"]
[Site "Dresden"]
[Date "2006.02.20"]
[Round "4"]
[White "Sattler, Franz"]
[Black "Kahn, Manfred"]
[Result "0-1"]
[WhiteElo "2024"]
[BlackElo "2151"]
[PlyCount "32"]
[EventDate "2006.02.17"]
[EventType "team-swiss"]
[EventRounds "8"]
[EventCountry "GER"]
[SourceTitle "CBM 111 Extra"]
[Source "ChessBase"]
[SourceDate "2006.05.09"]
[SourceVersion "1"]
[SourceVersionDate "2006.05.09"]
[SourceQuality "1"]
[WhiteTeam "Salzburg"]
[BlackTeam "Dresden SC"]
[WhiteTeamCountry "AUT"]
[BlackTeamCountry "GER"]

1. Nf3 d5 2. d4 Nc6 3. c4 Bg4 4. e3 e5 5. dxe5 d4 6. exd4 Bxf3 7. gxf3 Qxd4 8. Qe2 0-0-0 9. f4 Bb4+ 10. Nd2 Bxd2+ 11. Bxd2 Qxb2 12. Rd1 Nd4 13. Qg4+ Kb8 14. Bd3 Nh6 15. Qxg7 Nhf5 16. Bxf5 Nf3+ 0-1

[Event "EU-chT Seniors 08th"]
[Site "Dresden"]
[Date "2006.02.19"]
[Round "3"]
[White "Duemmke, Juergen"]
[Black "Sattler, Franz"]
[Result "1-0"]
[WhiteElo "2099"]
[BlackElo "2024"]
[PlyCount "75"]
[EventDate "2006.02.17"]
[EventType "team-swiss"]
[EventRounds "8"]
[EventCountry "GER"]
[SourceTitle "CBM 111 Extra"]
[Source "ChessBase"]
[SourceDate "2006.05.09"]
[SourceVersion "1"]
[SourceVersionDate "2006.05.09"]
[SourceQuality "1"]
[WhiteTeam "DBAG/BSW"]
[BlackTeam "Salzburg"]
[WhiteTeamCountry "GER"]
[BlackTeamCountry "AUT"]

1. e4 c5 2. Nf3 e6 3. d4 cxd4 4. Nxd4 Nc6 5. Nb5 d6 6. Bf4 e5 7. Be3 a6 8. N5c3 Nf6 9. Nd5 Nxd5 10. Qxd5 Be6 11. Qd1 Rc8 12. Nc3 Be7 13. Be2 0-0 14. 0-0 Qc7 15. Rc1 Qa5 16. a3 Rfd8 17. Bg4 d5 18. exd5 Bxd5 19. Bxc8 Be6 20. Bxe6 Rxd1 21. Bxf7+ Kxf7 22. Rcxd1 Nd4 23. Bxd4 exd4 24. Rxd4 Bf6 25. Rd7+ Ke6 26. Rd3 Qb6 27. b4 Qc6 28. Ne4 Qxc2 29. Nc5+ Kf7 30. Rd7+ Kg6 31. Rxb7 Qb2 32. Rb6 Qxa3 33. Nxa6 Kf5 34. Rd6 Be7 35. Rd5+ Ke4 36. Ra5 Qc3 37. Raa1 Bxb4 38. Ra4 1-0

[Event "AUT-chT2M 0506"]
[Site "Austria"]
[Date "2005.10.09"]
[Round "2.2"]
[White "Sattler, Franz"]
[Black "Maringer, Walter"]
[Result "1/2-1/2"]
[WhiteElo "1979"]
[BlackElo "2100"]
[PlyCount "35"]
[EventDate "2005.10.08"]
[EventType "team"]
[EventRounds "11"]
[EventCountry "AUT"]
[SourceTitle "EXT 2006"]
[Source "ChessBase"]
[SourceDate "2005.11.24"]
[SourceVersion "1"]
[SourceVersionDate "2005.11.24"]
[SourceQuality "1"]
[WhiteTeam "St Veit/Glan"]
[BlackTeam "Linz SK Voest"]
[WhiteTeamCountry "AUT"]
[BlackTeamCountry "AUT"]

1. Nf3 f5 2. c4 Nf6 3. g3 e6 4. Bg2 d5 5. 0-0 Bd6 6. d4 0-0 7. Nc3 c6 8. b3 Bd7 9. e3 Be8 10. Bb2 Bh5 11. Qc2 Ne4 12. Nxe4 fxe4 13. Nd2 Qg5 14. Rae1 Bf3 15. Bxf3 exf3 16. e4 Qh5 17. Re3 Na6 18. Qd1 1/2-1/2

[Event "Wch Seniors 14th"]
[Site "Halle"]
[Date "2004.11.05"]
[Round "11"]
[White "Sattler, Franz"]
[Black "Kelchner, Hans"]
[Result "1/2-1/2"]
[WhiteElo "2041"]
[BlackElo "2183"]
[PlyCount "95"]
[EventDate "2004.10.24"]
[EventType "swiss"]
[EventRounds "11"]
[EventCountry "GER"]
[SourceTitle "EXT 2005"]
[Source "ChessBase"]
[SourceDate "2004.11.15"]
[SourceVersion "1"]
[SourceVersionDate "2004.11.15"]
[SourceQuality "1"]

1. Nf3 c5 2. c4 Nf6 3. Nc3 e6 4. d4 cxd4 5. Nxd4 Bb4 6. Bd2 Nc6 7. e3 0-0 8. Be2 Qb6 9. Nc2 Be7 10. 0-0 d5 11. cxd5 exd5 12. Bf3 Be6 13. b3 Rac8 14. Rc1 a6 15. Qe2 Rfd8 16. Rfd1 Bf5 17. Be1 Be6 18. Nd4 Ba3 19. Nxe6 fxe6 20. Na4 Qa7 21. Rc2 b5 22. Nb2 Rd7 23. Bg4 Kf7 24. Nd3 Rdc7 25. Rxc6 Rxc6 26. Ne5+ Ke7 27. Nxc6+ Rxc6 28. Bf3 Bd6 29. e4 Qc7 30. exd5 Rc2 31. Qxe6+ Kf8 32. g3 Rxa2 33. Bc3 Qe7 34. Bxf6 Qxf6 35. Qxf6+ gxf6 36. Rc1 Ke7 37. Be4 h6 38. Kg2 Rb2 39. Rb1 Re2 40. Bf3 Rd2 41. Re1+ Be5 42. Re2 Rxe2 43. Bxe2 Kd6 44. f4 Bd4 45. Bf3 Kc5 46. h3 a5 47. g4 Be3 48. Kg3 1/2-1/2

[Event "Wch Seniors 14th"]
[Site "Halle"]
[Date "2004.11.03"]
[Round "9"]
[White "Sattler, Franz"]
[Black "Ollek, Karl Heinz"]
[Result "1-0"]
[WhiteElo "2041"]
[BlackElo "1626"]
[PlyCount "61"]
[EventDate "2004.10.24"]
[EventType "swiss"]
[EventRounds "11"]
[EventCountry "GER"]
[SourceTitle "EXT 2005"]
[Source "ChessBase"]
[SourceDate "2004.11.15"]
[SourceVersion "1"]
[SourceVersionDate "2004.11.15"]
[SourceQuality "1"]

1. Nf3 e6 2. d4 f5 3. g3 Nf6 4. Bg2 c6 5. 0-0 Be7 6. c4 0-0 7. Nc3 d6 8. Qd3 Nbd7 9. b4 d5 10. cxd5 exd5 11. b5 Nb6 12. Ne5 Qe8 13. a4 cxb5 14. Nxb5 Qd8 15. a5 Nbd7 16. Nc3 Nxe5 17. dxe5 Ne4 18. Qxd5+ Qxd5 19. Nxd5 Bc5 20. Be3 Bxe3 21. Nxe3 Be6 22. Rfb1 Rab8 23. Bxe4 fxe4 24. Rb4 Rfc8 25. Rxe4 Rc5 26. f4 g6 27. Rb4 Bd7 28. Rc4 Rxc4 29. Nxc4 Bb5 30. Nd6 Bxe2 31. Re1 1-0

[Event "AUT-chT Seniors 2nd"]
[Site "Maria Alm"]
[Date "2003.09.09"]
[Round "2"]
[White "Eskandary, Jahja"]
[Black "Sattler, Franz"]
[Result "1/2-1/2"]
[WhiteElo "2078"]
[BlackElo "1893"]
[PlyCount "116"]
[EventDate "2003.09.??"]
[EventType "team"]
[EventRounds "5"]
[EventCountry "AUT"]
[SourceTitle "EXT 2006"]
[Source "ChessBase"]
[SourceDate "2005.11.24"]
[SourceVersion "1"]
[SourceVersionDate "2005.11.24"]
[SourceQuality "1"]

1. e4 c5 2. Nc3 Nc6 3. Bc4 e6 4. d3 Nf6 5. Bf4 d6 6. a3 a6 7. Ba2 b5 8. Nge2 Be7 9. 0-0 0-0 10. Ng3 Bb7 11. Bd2 b4 12. axb4 cxb4 13. Nce2 d5 14. exd5 Nxd5 15. Nf4 Nxf4 16. Bxf4 Bf6 17. Rb1 Qd7 18. Ne4 Be7 19. Be3 Nd4 20. Bc4 Kh8 21. c3 Nf5 22. Bd2 a5 23. Qe2 Nh4 24. f3 Ng6 25. d4 Rfc8 26. Bd3 Rd8 27. Nf2 b3 28. Ra1 a4 29. Bb5 Bc6 30. Bxc6 Qxc6 31. Qe4 Qb5 32. f4 a3 33. bxa3 Rxa3 34. Rxa3 Bxa3 35. Rb1 Rb8 36. Nd3 Qd5 37. Qxd5 exd5 38. Nb4 Bxb4 39. cxb4 Ne7 40. Rxb3 Nf5 41. Kf2 h5 42. Rh3 g6 43. g4 Nd6 44. gxh5 Ne4+ 45. Ke2 Nxd2 46. hxg6+ Kg7 47. Kxd2 Rxb4 48. Kc3 Rc4+ 49. Kd3 fxg6 50. Rg3 Ra4 51. Rg5 Ra3+ 52. Kc2 Ra2+ 53. Kd3 Rxh2 54. Rxd5 Kf6 55. Re5 Ra2 56. Ke4 Re2+ 57. Kd5 Rf2 58. Ke4 Re2+ 1/2-1/2

[Event "Wch Seniors 13th"]
[Site "Bad Zwischenahn"]
[Date "2003.??.??"]
[Round "?"]
[White "Gerhardt, Peter Michael"]
[Black "Sattler, Franz"]
[Result "1-0"]
[WhiteElo "2015"]
[BlackElo "1880"]
[PlyCount "33"]
[EventDate "2003.11.16"]
[EventType "swiss"]
[EventRounds "11"]
[EventCountry "GER"]
[SourceTitle "CBM 097 Extra"]
[Source "ChessBase"]
[SourceDate "2004.01.13"]
[SourceVersion "1"]
[SourceVersionDate "2004.01.13"]
[SourceQuality "1"]

1. d4 Nf6 2. c4 e6 3. Nf3 b6 4. g3 Bb7 5. Bg2 c5 6. e3 Be7 7. 0-0 0-0 8. Nc3 Ne4 9. Nxe4 Bxe4 10. Bd2 cxd4 11. Nxd4 Bxg2 12. Kxg2 d5 13. Qf3 Bf6 14. Bb4 Re8 15. Rad1 Na6 16. Ba3 Bxd4 17. Rxd4 1-0

[Event "Wch Seniors 13th"]
[Site "Bad Zwischenahn"]
[Date "2003.??.??"]
[Round "?"]
[White "Sattler, Franz"]
[Black "Fehres, Werner"]
[Result "1-0"]
[WhiteElo "1880"]
[BlackElo "1785"]
[PlyCount "133"]
[EventDate "2003.11.16"]
[EventType "swiss"]
[EventRounds "11"]
[EventCountry "GER"]
[SourceTitle "CBM 097 Extra"]
[Source "ChessBase"]
[SourceDate "2004.01.13"]
[SourceVersion "1"]
[SourceVersionDate "2004.01.13"]
[SourceQuality "1"]

1. c4 e5 2. Nc3 d6 3. Nf3 Nf6 4. d4 Nbd7 5. e4 c6 6. Be2 Be7 7. 0-0 0-0 8. Qc2 Qc7 9. h3 Ne8 10. Be3 b6 11. Rac1 Bb7 12. d5 c5 13. Nh2 Bc8 14. f4 exf4 15. Bxf4 Ne5 16. Bxe5 dxe5 17. Bg4 a6 18. Rf3 Qd6 19. Rcf1 f6 20. Bxc8 Rxc8 21. Ng4 Rc7 22. Ne3 g6 23. Qa4 Ra7 24. Qc2 Bd8 25. Qf2 Rg7 26. g4 Be7 27. Kh1 Rgf7 28. a4 Ng7 29. Rg1 Kh8 30. b3 Bd8 31. Ne2 Bc7 32. Ng3 Qd7 33. Qe2 Rb8 34. Rgf1 Bd8 35. Kg2 b5 36. g5 f5 37. exf5 Bxg5 38. axb5 axb5 39. fxg6 Rxf3 40. Qxf3 bxc4 41. bxc4 hxg6 42. Qg4 Qxg4 43. Nxg4 Rb2+ 44. Rf2 Rb4 45. Ne4 Bf4 46. Nxc5 Rxc4 47. Ne6 Nf5 48. Ra2 Rc8 49. Nxf4 exf4 50. Rd2 Rd8 51. Ne5 Kg7 52. Kf3 g5 53. Ke4 Nd6+ 54. Kf3 Kf6 55. Ng4+ Kg6 56. Re2 Nf5 57. Re6+ Kh5 58. Ke4 Nd6+ 59. Ke5 Nc4+ 60. Kd4 Kh4 61. Rh6+ Kg3 62. Kxc4 f3 63. d6 f2 64. Nxf2 Kxf2 65. Kd5 Kg3 66. Rh7 Rf8 67. Ke6 1-0